000 00702nam a22002057a 4500
005 20180626150246.0
010 _aENG-123284
020 _c185.00
_a9789352833245
035 _aEN-106816
037 _bDBAD/PUB
082 _a000
245 _aSBI State Bank Of India Junior Associates:
_cCreated and compiled by S. Chand Experts
_bcustomer support & sales/
246 _aSBI State Bank Of India Junior Associates online preliminary exam 2018
260 _aNew Delhi
_bS Chand Publishing
_c2018
270 _aRam Nagar.
_bNew Delhi
_e110055
300 _a244p.
_c25cm(pbk)
490 _aS.Chand's Exam Success Series
500 _a20 practice sets
942 _2ddc
_cEN
_mCHA
_h000
999 _c152921
_d152921